| 000 | 01519nam a2200265Ia 4500 | ||
|---|---|---|---|
| 003 | Ost | ||
| 005 | 20260507075225.0 | ||
| 008 | 260507s9999||||xx |||||||||||||| ||und|| | ||
| 020 | _a17861199759 | ||
| 040 | _cfsecg | ||
| 041 | _aara | ||
| 082 | _a330 | ||
| 100 |
_aدرة، عبد الباري ابراهيم _eمؤلف |
||
| 245 | 0 |
_aالعلاقات العامة في القرن الحادي و العشرين : _bالنظرية و الممارسة منحى نظامي و استراتيجي / _c عبد الباري ابراهيم درة |
|
| 260 |
_aعمان: _bدار وائل, _c2009 |
||
| 300 |
_a451 صفحة؛ _bإيضاحات ؛ _c24 سم |
||
| 504 | _aمراجع ص.439 ؛جداول ص.4 ؛ أشكال ص 5 | ||
| 520 | _aمفاهيم العلاقات العامة- التحديات التي تواجه العلاقات العامة في القرن الحادي والعشرين- مدخلات نظام العلاقات العامة- عمليات نظام العلاقات العامة ومخرجاته- المنحى الإستراتيجي للعلاقات العامة- التطبيق في العلاقات العامة- العلاقات العامة في قطاعات ومؤسسات محددة- قضايا في العلاقات العامة المعاصرة. | ||
| 653 | _aالإتصال | ||
| 653 | _aالإدارة العامة | ||
| 653 | _aالعلاقات العامة | ||
| 653 | _aالمنظمة | ||
| 700 |
_aالمجالي، نبيل خليف _eمؤلف ثانوي |
||
| 942 | _cكتاب | ||
| 999 |
_c43536 _d43536 |
||